Skúmanie faktorov úspechu a neúspechu vo vybranom podniku z pohľadu strategickej udržateľnosti diplomová práca

Salvato in:
Dettagli Bibliografici
Autore principale: Tranžík, Roman
Ente Autore: Fakulta podnikového manažmentu EU. Katedra manažmentu
Altri autori: Mišúnová Hudáková, Ivana, 1976-
Natura: Libro
Lingua:slovacco
Pubblicazione: Bratislava 2025
Tags: Aggiungi Tag
Nessun Tag, puoi essere il primo ad aggiungerne!!

MARC

LEADER 00000nbm a2200000 4500
001 0309931
005 20260325084240.4
041 0 |a slo 
044 |a SK 
245 1 0 |a Skúmanie faktorov úspechu a neúspechu vo vybranom podniku z pohľadu strategickej udržateľnosti  |b diplomová práca  |c Roman Tranžík ; školiteľ: Ivana Mišúnová Hudáková 
264 1 |a Bratislava  |c 2025 
300 |a 83 s. 
100 1 |a Tranžík, Roman 
700 1 |a Mišúnová Hudáková, Ivana, 1976- 
710 2 |a Fakulta podnikového manažmentu EU. Katedra manažmentu